Statistics for Record Appearances Per Club - Premier League

Click here to take the quiz!

General Stats

  • This quiz has been taken 13 times
  • The average score is 2 of 20

Answer Stats

Answer% Correct
Ryan Giggs
92%
Billy Bonds
25%
Billy Smith
17%
Neville Southall
17%
David O'Leary
17%
Terry Paine
8%
Ron Harris
8%
Ernie Wilson
8%
Ian Callaghan
8%
Jimmy Lawrence
0%
Luther Blissett
0%
Jerry Dawson
0%
Steve Perryman
0%
Wilfred Milne
0%
Eric Skeels
0%
Graham Cross
0%
Jim Cannon
0%
Alan Oakes
0%
Tony Brown
0%
Sean O'Driscoll
0%

Score Distribution

Percentile by Number Answered

Percent of People with Each Score

Your Score History

You have not taken this quiz